Правила технической эксплуатации магистральных нефтепродуктопроводов: утверждены Госкомнефтепродуктом СССР 23.07.84

Бібліографічні деталі
Співавтор: СССР Государственный комитет по обеспечению нефтепродуктами
Мова:Російська
Опубліковано: Москва, Недра, 1988
Предмети:
Формат: Книга
KOHA link:https://koha.lib.tpu.ru/cgi-bin/koha/opac-detail.pl?biblionumber=90816

MARC

LEADER 00000nam0a2200000 4500
001 90816
005 20231101213732.0
020 |a RU  |b 88-39951 
035 |a (RuTPU)RU\TPU\book\97375 
090 |a 90816 
100 |a 20060215d1988 k a0rusy5003 ca 
101 0 |a rus 
102 |a RU 
105 |a y l 000zy 
200 1 |a Правила технической эксплуатации магистральных нефтепродуктопроводов  |e утверждены Госкомнефтепродуктом СССР 23.07.84  |f Государственный комитет СССР по обеспечению нефтепродуктами 
210 |a Москва  |c Недра  |d 1988 
215 |a 86,[1] с.  |d 22 см 
610 1 |a нефтепроводы магистральные 
610 1 |a эксплуатация 
610 1 |a правила 
610 1 |a правила технической эксплуатации 
610 1 |a перекачивающие станции 
675 |a 622.692.4  |z rus 
712 0 1 |a СССР  |b Государственный комитет по обеспечению нефтепродуктами  |c (1981-1987)  |2 stltpush  |3 (RuTPU)RU\TPU\col\23197  |9 28280 
801 0 |a RU  |b RuMRKP  |c 19960705  |g psbo 
801 1 |a RU  |b 63413507  |c 20060215  |g PSBO 
801 2 |a RU  |b 63413507  |c 20171108  |g PSBO 
942 |c BK